Ayrımcılık yasağı (Record no. 9734)

MARC details
000 -BAŞLIK
Sabit Uzunlukta Kontrol Alanı 01113na a2200325 4500
001 - KONTROL NUMARASI
Denetim Alanı 14567
003 - KONTROL NUMARASI IDENTIFIER
Denetim Alanı MIRAKIL
005 - SON İŞLEM TARİHİ VE ZAMANI
Denetim Alanı 20181213155255.0
008 - SABİT-BOY VERİ ELEMANLARI - GENEL BİLGİLER
Sabit Uzunlukta Kontrol Alanı 160829b tu 000 0
020 ## - ULUSLARARASI STANDART KİTAP NUMARASI
Uluslararası Standart Kitap Numarası 9786053992066
035 ## - SİSTEM KONTROL NUMARASI
Sistem Kontrol Numarası 14567
040 ## - KATALOGLAMA KAYNAK
Orijinal Kataloglama Ajansı Milas
Kataloglama Dili tur
Metne Dönüştürmek Ajansı TR-AnCHP
082 ## - DEWEY ONLU SINIFLANDIRMA NUMARASI
Sınıflandırma Numarası 305
Ürün Numarası G94a 2011
090 ## - SINIFLAMA NUMARASI
Sınıflama Numarası 305 G94a 2011
100 ## - ANA GİRİŞ - KİŞİSEL İSİM
Kişisel Ad Gül, İdil Işıl
245 ## - BAŞLIK TABLOSU
Başlık Ayrımcılık yasağı
Başlığın Kalan kavram, hukuk, izleme ve belgeleme
Sorumluluk Tablosu, Vb İdil Işıl Gül, Ulaş Karal ; editörler Burcu Yeşiladalı , Gökçeçiçek Ayata
260 ## - YAYIN, DAĞITIM, VB
Yayın, Dağıtım, Vb Yeri İstanbul
Yayıncı, Dağıtıcı, Vs Adı İstanbul Bilgi Üniversitesi Yayınları
Yayın, Dağıtım, Vb Tarihi 2011
300 ## - FİZİKSEL TANIM
Kapsam 257 s.
Boyutlar 23 sm.
490 ## - SERİSİ TABLOSU
Seri Beyanı İnsan hakları hukuku çalışmaları
Hacim / Ardışık Tanımı 13
490 ## - SERİSİ TABLOSU
Seri Beyanı İstanbul Bilgi Üniversitesi yayınları
Hacim / Ardışık Tanımı 351
504 ## - KAYNAKÇA VB NOT
Kaynakça Vb Notu Kaynakça var.
650 ## - KONU KATMA GİRİŞ - TOPİKAL DÖNEM
Topikal Süreli Veya Coğrafi Ad Giriş Elemanı Yasa ve yönetmelikler
Genel Alt Bölümü Ayrımcılık
Coğrafi Alt Bölümü Türkiye
650 ## - KONU KATMA GİRİŞ - TOPİKAL DÖNEM
Topikal Süreli Veya Coğrafi Ad Giriş Elemanı İnsan hakları
Coğrafi Alt Bölümü Türkiye
650 ## - KONU KATMA GİRİŞ - TOPİKAL DÖNEM
Topikal Süreli Veya Coğrafi Ad Giriş Elemanı Sivil haklar
Coğrafi Alt Bölümü Türkiye
650 ## - KONU KATMA GİRİŞ - TOPİKAL DÖNEM
Topikal Süreli Veya Coğrafi Ad Giriş Elemanı Yasa ve yönetmelikler
Genel Alt Bölümü Ayrımcılık
Coğrafi Alt Bölümü Türkiye
700 ## - KATMA GİRİŞ - KİŞİSEL İSİM
Kişisel Ad Ayata, Gökçiçek
700 ## - KATMA GİRİŞ - KİŞİSEL İSİM
Kişisel Ad Yeşiladalı, Burcu
700 ## - KATMA GİRİŞ - KİŞİSEL İSİM
Kişisel Ad Karan, Ulaş
942 ## - EKLENDİ GİRİŞ ELEMANLARI (KOHA)
Sınıflandırma Veya Raf Düzeni Kaynak Dewey Decimal Classification
Koha Öğesi Türü Books
999 ## - SİSTEM KONTROL NUMARALARI (KOHA)
Koha Biblionumber 9734
Koha Biblioitemnumber 9734
Holdings
Kalıcı Konum Mevcut Konum Edinme Tarihi Edinim Kaynak Toplam Check-Out'Lar Tam Çağrı Numarası Barkod Tarih Son Görülme İtibaren Geçerli Fiyatlar Koha Öğesi Türü
CHP Kütüphanesi CHP Kütüphanesi 08/29/2016 Bağış   305 G94a 2011 002709 08/29/2016 08/29/2016 Books